Orphan Gorillas (Record no. 5536)

MARC details
000 -LEADER
fixed length control field 00626nam a22002057a 4500
005 - DATE AND TIME OF LATEST TRANSACTION
control field 20250519133245.0
008 - FIXED-LENGTH DATA ELEMENTS--GENERAL INFORMATION
fixed length control field 250519b |||||||| |||| 00| 0 eng d
040 ## - CATALOGING SOURCE
Transcribing agency DepED Dasmarinas City
245 ## - TITLE STATEMENT
Title Orphan Gorillas
250 ## - EDITION
Edition statement February 2000 Vol. 197 No. 2
490 ## - SERIES STATEMENT
SERIES STATEMENT National Geographic
520 ## - SUMMARY, ETC.
Summary, etc. Black Dragon River, The Rise of Life on Earth, Albanians: Apeople Undone, Eyewitness Kosovo, Central Africa's Orphan Gorillas, Selma to Montgomery, Ancient Greece
650 ## - SUBJECT ADDED ENTRY--TOPICAL TERM
General subdivision RIVER
650 ## - SUBJECT ADDED ENTRY--TOPICAL TERM
General subdivision MESSSEL
650 ## - SUBJECT ADDED ENTRY--TOPICAL TERM
General subdivision ALABANIANS
650 ## - SUBJECT ADDED ENTRY--TOPICAL TERM
General subdivision KOSOVO
650 ## - SUBJECT ADDED ENTRY--TOPICAL TERM
General subdivision GORILLAS
650 ## - SUBJECT ADDED ENTRY--TOPICAL TERM
General subdivision ANCIENT GREECE II
942 ## - ADDED ENTRY ELEMENTS (KOHA)
Source of classification or shelving scheme Dewey Decimal Classification
Koha item type Continuing Resources
999 ## -
-- 5536
-- 5536
Holdings
Homebranch current branch Barcode
DepED Dasmarinas City DepED Dasmarinas City DSMSR022000-049